| 000 | 00558nam a2200193Ia 4500 | ||
|---|---|---|---|
| 005 | 20250326143618.0 | ||
| 008 | 250326s9999 xx 000 0 und d | ||
| 020 | _a1-4039-0429-4 | ||
| 037 | _aTextbook | ||
| 040 |
_aFMSL _beng _cFMSL |
||
| 041 |
_aeng _2eng |
||
| 084 |
_aT:3 P4 _qFMSL |
||
| 100 |
_aMilner J _9748267 |
||
| 245 | 0 |
_aAssessment in counselling : theory, process and decision-making _cMilner J; O'byrne P |
|
| 260 |
_aNew York _bNew York, Palgrave _c2004 |
||
| 300 | _a232p | ||
| 942 |
_cTB _hT:3 P4 |
||
| 999 |
_c1300271 _d1300271 |
||